[Event "24th ch-EUR Indiv w 2024"]
[Site "Rhodes GRE"]
[Date "2024.04.27"]
[Round "8.64"]
[White "Harmsen, Jessica"]
[Black "Karaivanova, Petya"]
[Result "0-1"]
[WhiteTitle "WIM"]
[BlackTitle "WFM"]
[WhiteElo "2102"]
[BlackElo "1909"]
[WhiteFideId "1001612"]
[BlackFideId "2919150"]
[EventDate "2024.04.19"]

1. e4 e5 2. Nf3 Nc6 3. Bc4 Nf6 4. Ng5 d5 5. exd5 Na5 6. Bb5+ c6 7. dxc6 bxc6 8.
Bd3 Nd5 9. Nf3 Bd6 10. O-O O-O 11. Re1 f5 12. Nxe5 Qf6 13. Nf3 g5 14. c3 g4 15.
Nd4 f4 16. Qc2 Qh6 17. Bxh7+ Qxh7 18. Qxh7+ Kxh7 19. b4 Nc4 20. Nxc6 Bb7 21. d3
Rfe8 22. Rd1 Ncb6 23. Na5 Ba6 24. d4 Nxc3 25. Nxc3 Bxb4 26. Bb2 Bxa5 27. d5 Nc4
28. Na4 Bb5 29. Rdc1 Rac8 30. Nc3 Bd7 31. Rab1 Nxb2 0-1

[Event "24th ch-EUR Indiv w 2024"]
[Site "Rhodes GRE"]
[Date "2024.04.27"]
[Round "8.65"]
[White "Isgenderova, Hayale"]
[Black "Golsta, Ramona"]
[Result "1-0"]
[WhiteTitle "WIM"]
[WhiteElo "2102"]
[BlackElo "1867"]
[WhiteFideId "13401823"]
[BlackFideId "11607394"]
[EventDate "2024.04.19"]

1. e4 c5 2. Nf3 Nc6 3. Bb5 e5 4. O-O Bd6 5. c3 a6 6. Ba4 b5 7. Bc2 c4 8. d4 cxd3
9. Qxd3 Bc7 10. a4 b4 11. Bb3 a5 12. Bg5 Nf6 13. Nbd2 O-O 14. Rfd1 Rb8 15. Bd5
Ne7 16. Bxf6 gxf6 17. Nh4 Rb6 18. Nc4 Ra6 19. Ne3 f5 20. Nhxf5 Nxf5 21. Nxf5 Rg6
22. cxb4 axb4 23. Rac1 Qg5 24. Qg3 Qf6 25. Qb3 Qg5 26. g3 Ba5 27. Bxf7+ Kh8 28.
Bxg6 hxg6 29. Nd6 Qf6 30. Rxc8 1-0

[Event "24th ch-EUR Indiv w 2024"]
[Site "Rhodes GRE"]
[Date "2024.04.27"]
[Round "8.67"]
[White "Paasikangas, Johanna"]
[Black "Chasouraki, Chrysi"]
[Result "1-0"]
[WhiteTitle "FM"]
[WhiteElo "2080"]
[BlackElo "1827"]
[WhiteFideId "500879"]
[BlackFideId "25861123"]
[EventDate "2024.04.19"]

1. d4 d5 2. Bf4 Nf6 3. e3 c5 4. c3 Nc6 5. Nd2 Bf5 6. h3 Qb6 7. g4 Bg6 8. b3 cxd4
9. exd4 h5 10. g5 Ne4 11. Nxe4 Bxe4 12. f3 Bf5 13. Bd3 Bxd3 14. Qxd3 g6 15. Ne2
Bg7 16. Be3 e6 17. Rb1 O-O 18. O-O Rfd8 19. Rfd1 Ne7 20. a4 Nf5 21. Bf2 Rac8 22.
Qd2 Qc7 23. Kh1 a6 24. Qd3 Bf8 25. Kg2 Re8 26. Rb2 Qc6 27. a5 Bd6 28. Ra1 Qc7
29. Qd2 Kg7 30. Ra4 Qd7 31. Qd3 Bb8 32. Rc2 Qc7 33. Bg1 Nh4+ 34. Kh1 Kh7 35.
Raa2 e5 36. dxe5 d4 37. Bxd4 Qd7 38. Ng1 Rxe5 39. Qd2 Rf5 40. Qf2 Rf4 41. Qf1
Qd5 42. b4 Nxf3 43. Qg2 Qf5 44. Rf2 Nxg1 45. Kxg1 Re8 46. Ra1 Rxf2 47. Bxf2 Re2
48. Rf1 Ba7 49. h4 Bxf2+ 50. Rxf2 Rxf2 51. Qxf2 Qg4+ 52. Kh2 Qc4 53. Qd4 Qe2+
54. Kg3 Qe1+ 55. Kf3 Qf1+ 56. Ke3 Qg1+ 57. Kd3 Qf1+ 58. Kc2 Qe2+ 59. Kb3 Qe6+
60. c4 Qe1 61. Ka4 Qb1 62. b5 Qa2+ 63. Kb4 Qb1+ 64. Kc5 Qf5+ 65. Kb6 axb5 66.
cxb5 Qc8 67. Ka7 Qg4 68. Qf2 Qd7 69. Qb6 Kg7 70. Qxb7 Qd4+ 71. Qb6 Qd7+ 72. Ka6
Qc8+ 73. Qb7 Qe6+ 74. Qc6 Qe1 75. b6 Qe2+ 76. Ka7 Qe7+ 77. Qc7 Qe3 78. a6 Qe8
79. b7 1-0

[Event "24th ch-EUR Indiv w 2024"]
[Site "Rhodes GRE"]
[Date "2024.04.27"]
[Round "8.68"]
[White "Jimenez Fernandez, Rebeca"]
[Black "Kalayci, Nino"]
[Result "1-0"]
[WhiteTitle "WFM"]
[BlackTitle "WCM"]
[WhiteElo "2055"]
[BlackElo "1755"]
[WhiteFideId "32070934"]
[BlackFideId "13603221"]
[EventDate "2024.04.19"]

1. e4 e6 2. d4 d5 3. e5 c5 4. c3 Nc6 5. Nf3 Nh6 6. Bxh6 gxh6 7. Bb5 Qb6 8. Qe2
Bd7 9. O-O cxd4 10. cxd4 Bg7 11. Nc3 a6 12. Bxc6 Bxc6 13. Rfd1 O-O 14. h3 f6 15.
exf6 Rxf6 16. Qe3 Raf8 17. Ne2 Be8 18. Ng3 Bg6 19. Rd2 Qd6 20. Ne5 Rf4 21. Re1
h5 22. f3 h4 23. Nf1 Kh8 24. Nh2 Bxe5 25. dxe5 Qb4 26. Rc1 d4 27. Qf2 d3 28. Ng4
Rc4 29. Rxc4 Qxc4 30. b3 Qc1+ 31. Kh2 Rc8 32. Qxh4 Qxd2 33. Qf6+ Kg8 34. Qxe6+
Kg7 35. Qf6+ Kg8 36. Qe6+ Kg7 37. Qxc8 Qf4+ 38. Kh1 d2 39. Qd7+ Kf8 40. Qd8+ Kg7
41. Qd7+ Kg8 42. h4 h5 43. Nf6+ Kf8 44. Qd8+ Kf7 45. Qe8+ Kg7 46. Qg8+ 1-0

[Event "24th ch-EUR Indiv w 2024"]
[Site "Rhodes GRE"]
[Date "2024.04.27"]
[Round "8.69"]
[White "Lomaia, Diana"]
[Black "Papp, Sarah"]
[Result "1-0"]
[WhiteTitle "WFM"]
[BlackTitle "WGM"]
[WhiteElo "2005"]
[BlackElo "2296"]
[WhiteFideId "13612476"]
[BlackFideId "24606812"]
[EventDate "2024.04.19"]

1. d4 Nf6 2. c4 e6 3. Nc3 Bb4 4. Nf3 Bxc3+ 5. bxc3 d6 6. Qc2 O-O 7. e4 e5 8. Bd3
Nc6 9. d5 Ne7 10. O-O Nd7 11. Be3 b6 12. Nd2 Ng6 13. g3 Nc5 14. f4 Nxd3 15. Qxd3
f5 16. fxe5 Nxe5 17. Qe2 fxe4 18. Bd4 Re8 19. Rf4 e3 20. Qxe3 Nxc4 21. Qd3 Ne5
22. Bxe5 dxe5 23. Rh4 g6 24. Rf1 Rf8 25. Rxf8+ Qxf8 26. Qe3 Bb7 27. Qxe5 Re8 28.
Qd4 Re1+ 29. Kg2 Re2+ 30. Kg1 Qc5 31. Kf1 Ba6 32. c4 Rxd2 33. Qxd2 Bxc4+ 34. Kg2
Bxd5+ 35. Kf1 Bc4+ 36. Kg2 Qd5+ 37. Qxd5+ Bxd5+ 38. Kf2 a5 39. a3 h5 40. Ke3 Kf7
41. g4 hxg4 42. Rh7+ Ke6 43. Rxc7 b5 44. Rc5 Bc4 45. a4 Kd6 46. Kd4 Be2 47. axb5
a4 48. b6 Bf3 49. Rc7 a3 50. Kc3 a2 51. Kb2 Bd5 52. Rg7 1-0

[Event "24th ch-EUR Indiv w 2024"]
[Site "Rhodes GRE"]
[Date "2024.04.27"]
[Round "8.70"]
[White "Kalaiyalahan, Akshaya"]
[Black "Peglau, Dora"]
[Result "1-0"]
[WhiteTitle "FM"]
[WhiteElo "2148"]
[BlackElo "2002"]
[WhiteFideId "422894"]
[BlackFideId "16220005"]
[EventDate "2024.04.19"]

1. d4 Nf6 2. Nf3 d5 3. g3 Bf5 4. Bg2 e6 5. O-O c5 6. c4 Nc6 7. cxd5 Nxd5 8. Nc3
Nxc3 9. bxc3 Be7 10. Re1 Bg6 11. e4 cxd4 12. cxd4 O-O 13. Bb2 Qb6 14. Rb1 Rfd8
15. Bc3 Qc7 16. Qb3 Rab8 17. Rbc1 Qd6 18. d5 exd5 19. exd5 Qxd5 20. Qxd5 Rxd5
21. Ne5 Nxe5 22. Bxe5 Rxe5 23. Re3 Re4 24. Rxe4 Bb4 25. Re5 Ba3 26. Rce1 f6 27.
Bd5+ Kf8 28. R5e3 Bc5 29. R3e2 b6 30. Kg2 Bd3 31. Re6 Bf5 32. R6e2 Bd3 33. Rb2
Rd8 34. Bf3 Bd4 35. Rb3 Bc4 36. Ra3 a5 37. Rd1 Bb5 38. Re3 Rd7 39. Bg4 Rd6 40.
Re6 Rxe6 41. Bxe6 Bc5 42. Bd7 Bc4 43. a4 Ke7 44. Bc6 Be6 45. h4 g6 46. Bb5 Bb4
47. f3 h5 48. Rd4 Bc5 49. Re4 f5 50. Re2 Kf6 51. Be8 Bc4 52. Rd2 Be6 53. f4 Bb4
54. Rd3 Bc5 55. Kh2 Bb4 56. Rd8 Bc5 57. Rb8 Bd5 58. Rc8 Be4 59. Rc7 Bd5 60. Kh3
Bb4 61. Bb5 Bc5 62. Rc8 Bb4 63. Bc4 Bxc4 64. Rxc4 Bc5 65. Rc3 Ke6 66. Rd3 Ke7
67. Kg2 Bb4 68. Kf3 Bc5 69. Ke2 Bb4 70. Kd1 Bc5 71. Kc2 Ke6 72. Kb3 Bf2 73. Kc4
Bc5 74. Kb5 Bf2 75. Kc6 Bc5 76. Rd2 Kf6 77. Re2 Bd4 78. Kd5 Bc5 79. Re6+ Kf7 80.
Rc6 Bf2 81. Rc3 Kf6 82. Kd6 Bd4 83. Rc2 Be3 84. Kc6 Bd4 85. Rd2 Bc5 86. Rb2 Ke6
87. Rxb6 Bxb6 88. Kxb6 Kd5 89. Kxa5 Ke4 90. Kb4 Kf3 91. a5 Kxg3 92. a6 Kxf4 93.
a7 Kg3 94. a8=Q Kxh4 95. Qf3 g5 96. Qxf5 g4 97. Qf2+ Kh3 98. Kc3 h4 99. Kd2 g3
100. Qg1 g2 101. Ke2 Kg3 102. Qe3+ Kh2 103. Qf4+ Kh3 104. Qf5+ Kh2 105. Qe5+ Kh1
106. Qd5 Kh2 107. Qd6+ Kh1 108. Qc6 Kh2 109. Qc7+ Kh1 110. Qb7 Kh2 111. Qb8+ Kh1
112. Qb7 Kh2 113. Qc7+ Kh1 114. Qc6 Kh2 115. Qd6+ Kh1 116. Qd5 Kh2 117. Qe5+ Kh1
118. Qe4 Kg1 119. Kf3 h3 120. Qe1+ 1-0

[Event "24th ch-EUR Indiv w 2024"]
[Site "Rhodes GRE"]
[Date "2024.04.27"]
[Round "8.71"]
[White "Dakic, Marta"]
[Black "Polterauer, Chiara"]
[Result "1/2-1/2"]
[BlackTitle "WFM"]
[WhiteElo "1957"]
[BlackElo "2141"]
[WhiteFideId "990043"]
[BlackFideId "1638165"]
[EventDate "2024.04.19"]

1. e4 e5 2. Nf3 Nc6 3. Bc4 Bc5 4. c3 Nf6 5. d3 d6 6. O-O a5 7. Re1 O-O 8. h3 h6
9. Bb5 Bd7 10. a4 Ba7 11. Nbd2 Ne7 12. Bxd7 Nxd7 13. d4 exd4 14. cxd4 d5 15. e5
Ng6 16. Nf1 Re8 17. Qd3 Re6 18. Bd2 c5 19. Qb5 Bb6 20. Ne3 Ne7 21. Rac1 Rc6 22.
Red1 cxd4 23. Nxd5 Nxd5 24. Qxd5 Nf8 25. Qe4 Rac8 26. Qg4 Qd7 27. Qh5 Rxc1 28.
Bxc1 Qxa4 29. Nh4 g6 30. Qf3 Qc6 31. Bxh6 Qxf3 32. Nxf3 Ne6 33. Kf1 Rc2 34. Rd2
Rc8 35. Rd1 a4 36. Ke2 Ba7 37. h4 b5 38. Ne1 b4 39. Ra1 Nc5 40. Nd3 Nxd3 41.
Kxd3 a3 42. Bc1 Bb8 43. bxa3 bxa3 44. Bxa3 Bxe5 45. Bb2 Rb8 46. Bxd4 1/2-1/2

[Event "24th ch-EUR Indiv w 2024"]
[Site "Rhodes GRE"]
[Date "2024.04.27"]
[Round "8.72"]
[White "Koridze, Lile"]
[Black "Stefan, Iulia-Cristiana"]
[Result "1/2-1/2"]
[WhiteTitle "WFM"]
[WhiteElo "2121"]
[BlackElo "1938"]
[WhiteFideId "13612514"]
[BlackFideId "1273876"]
[EventDate "2024.04.19"]

1. d4 Nf6 2. c4 g6 3. Nc3 Bg7 4. e4 d6 5. Nf3 O-O 6. Be2 Bg4 7. Bf4 Nfd7 8. Qd2
Bxf3 9. Bxf3 Nc6 10. Be3 e5 11. dxe5 dxe5 12. Bg5 Bf6 13. Bh6 Bg7 14. Bg5 Bf6
15. Bh6 Bg7 1/2-1/2

[Event "24th ch-EUR Indiv w 2024"]
[Site "Rhodes GRE"]
[Date "2024.04.27"]
[Round "8.73"]
[White "Silva, Ana Ines Teixeira Da"]
[Black "Belluire, Beatrice"]
[Result "0-1"]
[WhiteTitle "WFM"]
[WhiteElo "1933"]
[BlackElo "2070"]
[WhiteFideId "1932543"]
[BlackFideId "26017296"]
[EventDate "2024.04.19"]

1. e4 e5 2. Nf3 Nc6 3. Bc4 Nf6 4. d4 exd4 5. e5 d5 6. Bb5 Ne4 7. Nxd4 Bd7 8.
Bxc6 bxc6 9. O-O Bc5 10. f3 Ng5 11. Be3 O-O 12. f4 f6 13. exf6 Nh3+ 14. Kh1 Qxf6
15. Nc3 Rae8 16. Ne6 Bxe3 17. Nxf8 Qxf8 18. Qf3 Nxf4 19. Rae1 Ng6 20. Nxd5 Qxf3
21. Rxf3 cxd5 22. Rexe3 Rxe3 23. Rxe3 a5 24. Rc3 c6 25. Ra3 Ne5 26. Rxa5 Kf7 27.
Ra7 Ke7 28. Kg1 Nc4 29. Rb7 c5 30. Kf2 Kd6 31. Rb8 Bf5 32. Rd8+ Ke5 33. Re8+ Kd4
34. Re2 Nxb2 35. Rd2+ Kc4 36. h3 d4 37. Re2 Nd1+ 38. Ke1 Ne3 39. g4 Bg6 40. Kd2
Nxc2 41. h4 Na3 42. h5 Nb1+ 43. Ke1 Bd3 44. Re7 Bc2 45. Rxg7 d3 46. Rd7 Kc3 47.
g5 d2+ 48. Ke2 Bf5 49. g6 Bxd7 50. gxh7 Bg4+ 51. Ke3 d1=Q 52. h8=Q+ Qd4+ 53.
Qxd4+ cxd4+ 54. Ke4 Bxh5 55. a4 d3 56. a5 d2 0-1

[Event "24th ch-EUR Indiv w 2024"]
[Site "Rhodes GRE"]
[Date "2024.04.27"]
[Round "8.74"]
[White "Tashkinova, Sofiia"]
[Black "Mihailidou, Magdalini"]
[Result "1-0"]
[WhiteElo "2066"]
[BlackElo "1915"]
[WhiteFideId "14188309"]
[BlackFideId "25801236"]
[EventDate "2024.04.19"]

1. e4 e5 2. Nf3 Nc6 3. Bb5 a6 4. Ba4 Bc5 5. c3 Nge7 6. O-O Ng6 7. d4 Ba7 8. Bg5
f6 9. Be3 O-O 10. Nbd2 d6 11. Re1 Kh8 12. h3 Bd7 13. Nf1 Qe8 14. Bc2 Nd8 15. Ng3
Ne6 16. Qd2 Nef4 17. Nf5 d5 18. N3h4 dxe4 19. Bxe4 Bc6 20. Nxg6+ Qxg6 21. Bxc6
Nxh3+ 22. Kh2 bxc6 23. Ng3 exd4 24. cxd4 Ng5 25. Rac1 Rad8 26. Rxc6 Rxd4 27. Qc1
Rh4+ 28. Kg1 Bxe3 29. Qxe3 Qf7 30. f4 Qd5 31. Rc5 Nh3+ 32. gxh3 Qxa2 33. Nf5 Rh5
34. Qe8 Rg8 35. Qxh5 g6 36. Qe2 gxf5+ 37. Kh2 Qb3 38. Rc3 Qb4 39. Qf2 a5 40. Rg1
Rxg1 41. Kxg1 a4 42. Rxc7 Qb8 43. Qc5 Qg8+ 44. Kf2 1-0

[Event "24th ch-EUR Indiv w 2024"]
[Site "Rhodes GRE"]
[Date "2024.04.27"]
[Round "8.75"]
[White "Kakulidis, Ellen"]
[Black "Gajcin, Jasmina"]
[Result "1/2-1/2"]
[WhiteTitle "WFM"]
[BlackTitle "WCM"]
[WhiteElo "2062"]
[BlackElo "1908"]
[WhiteFideId "1444972"]
[BlackFideId "939030"]
[EventDate "2024.04.19"]

1. d4 Nf6 2. c4 g6 3. g3 c6 4. Nf3 d5 5. Bg2 Bg7 6. O-O O-O 7. Nbd2 Bf5 8. b3 a5
9. Bb2 a4 10. Nh4 a3 11. Bc3 Be6 12. Rc1 Nbd7 13. Nhf3 Bf5 14. Ba1 Ne4 15. Nh4
Nxd2 16. Qxd2 Be6 17. e4 dxe4 18. Bxe4 Nf6 19. Bg2 Qd7 20. Nf3 Bh3 21. Rfe1 Bxg2
22. Kxg2 e6 23. Rcd1 b5 24. Bc3 Qb7 25. Bb4 Rfd8 26. Bc5 Nd7 27. Be7 Re8 28. Bd6
Nb6 29. c5 Nd5 30. b4 h5 31. Rb1 Ne7 32. Bxe7 Rxe7 33. Rb3 Rd7 34. Qe3 Rad8 35.
Rd1 Rd5 36. Rxa3 e5 37. Rad3 exd4 38. Qd2 Qd7 39. Qc2 Qa7 40. h4 Bf6 41. Re1 Ra8
42. a3 Qd7 43. Re4 Kh7 44. Qe2 Rd8 45. Qd1 Ra8 46. Qe2 Rd8 47. Nd2 Ra8 48. Rf4
Rf5 49. Rxf5 Qxf5 50. Rf3 Qd5 51. Ne4 Be7 52. Kh2 Kg7 1/2-1/2

[Event "24th ch-EUR Indiv w 2024"]
[Site "Rhodes GRE"]
[Date "2024.04.27"]
[Round "8.76"]
[White "Vardi, Shlomit"]
[Black "Stojkovska, Monika"]
[Result "1/2-1/2"]
[BlackTitle "WFM"]
[WhiteElo "1906"]
[BlackElo "2057"]
[WhiteFideId "2801442"]
[BlackFideId "15002594"]
[EventDate "2024.04.19"]

1. Nf3 e6 2. g3 Nf6 3. Bg2 d5 4. d3 Nc6 5. Nbd2 Bc5 6. h3 a5 7. O-O e5 8. e4
dxe4 9. Nxe4 Nxe4 10. dxe4 Qe7 11. c3 a4 12. Nh4 O-O 13. Nf5 Qf6 14. Be3 Rd8 15.
Qe2 Bf8 16. g4 h6 17. Rfd1 g6 18. Ng3 b6 19. Rxd8 Nxd8 20. Qd2 Kh7 21. g5 Qd6
22. Rd1 Qxd2 23. Rxd2 Be6 24. a3 Nb7 25. h4 Nd6 26. Rd1 Nc4 27. Bc1 hxg5 28.
hxg5 Bg4 29. Rd3 Bc5 30. Kf1 Kg7 31. Bf3 Be6 32. Be2 Kf8 33. Rf3 Rd8 34. Rd3 Nd6
35. Rd1 Bb3 36. Rd2 Ke7 37. Kg2 Rh8 38. Bf3 Nc4 39. Re2 Rd8 40. Re1 c6 41. Rh1
Nxb2 42. Be2 Nd3 43. Be3 Bxa3 44. Bxb6 Nf4+ 45. Kf3 Ne6 46. Bxd8+ Kxd8 47. Bd1
Nc5 48. Ke2 Bc4+ 49. Kd2 Bb2 50. Bxa4 Nxa4 51. Rh8+ Kd7 52. Ra8 Bxc3+ 53. Kc2
Bb5 54. Rxa4 Bxa4+ 55. Kxc3 Kd6 56. Nf1 Bb5 57. Ne3 Be2 58. Kd2 Ba6 59. Ng4 Bc8
60. Nf6 Be6 61. Kc3 Kc5 62. Ne8 Bh3 63. Nf6 Kb5 64. Ne8 Be6 65. Nf6 c5 66. Ne8
c4 67. Nf6 Kc5 68. Ne8 Bd7 69. Nf6 Bc6 70. f3 Bb5 71. Ng4 Kd6 72. Nf6 Ba4 73.
Kxc4 Bd1 74. Kd3 Bxf3 75. Ne8+ Kc5 76. Nf6 Bd1 77. Nd7+ Kd6 78. Nf6 Bb3 79. Ne8+
Kc5 80. Nf6 Be6 81. Nh7 Kb4 82. Nf6 Bc8 83. Nd5+ Kb3 84. Nf6 Ba6+ 85. Ke3 Bc8
86. Kd3 Be6 87. Ne8 Kb2 88. Kd2 Bh3 89. Nd6 Be6 90. Ne8 Kb3 91. Kd3 Bc4+ 92. Kd2
Be6 93. Kd3 Kb4 94. Nf6 Bh3 95. Nd5+ Kc5 96. Nf6 Bf1+ 97. Ke3 Bb5 98. Ng4 Kd6
99. Nf6 Ke6 100. Kf3 Bf1 101. Kf2 Bh3 102. Ke3 Kd6 103. Ne8+ Kc5 104. Kd3 f5
105. gxf6 Be6 106. Nc7 Bf7 107. Nd5 Kd6 108. Ne3 Ke6 109. Ng4 g5 110. Ke3 Bh5
111. f7 Bxf7 112. Nf2 Bh5 113. Nh1 Kf6 114. Ng3 Bd1 115. Nh1 g4 116. Nf2 Bf3
117. Nd3 Bg2 118. Ne1 Bf1 119. Kf2 Bb5 120. Ng2 Kg5 121. Kg3 Bd3 122. Ne3 Be2
123. Kf2 Bf3 124. Kg3 Be2 125. Kf2 Bf3 1/2-1/2

[Event "24th ch-EUR Indiv w 2024"]
[Site "Rhodes GRE"]
[Date "2024.04.27"]
[Round "8.77"]
[White "Valkova, Angelika"]
[Black "Dereka, Konstantina"]
[Result "1/2-1/2"]
[WhiteElo "2009"]
[BlackElo "1821"]
[WhiteFideId "14129272"]
[BlackFideId "25837435"]
[EventDate "2024.04.19"]

1. d4 Nf6 2. c4 e6 3. Nc3 Bb4 4. e3 c5 5. a3 Bxc3+ 6. bxc3 O-O 7. Bd3 b6 8. e4
Bb7 9. Bg5 h6 10. h4 d5 11. cxd5 cxd4 12. cxd4 Re8 13. d6 Qxd6 14. Bxf6 gxf6 15.
Qg4+ Kf8 16. Ne2 Nc6 17. Bb5 Nxd4 18. Nxd4 Qxd4 19. O-O Qe5 20. a4 Rec8 21. Rac1
Rxc1 22. Rxc1 Rc8 23. Qf3 1/2-1/2

[Event "24th ch-EUR Indiv w 2024"]
[Site "Rhodes GRE"]
[Date "2024.04.27"]
[Round "8.78"]
[White "Manko, Mariia"]
[Black "Siskou, Evangelia"]
[Result "1-0"]
[WhiteTitle "WFM"]
[WhiteElo "2251"]
[BlackElo "1837"]
[WhiteFideId "14199220"]
[BlackFideId "42113938"]
[EventDate "2024.04.19"]

1. d4 Nf6 2. c4 e6 3. g3 d5 4. Bg2 Be7 5. Nf3 O-O 6. O-O c6 7. Qc2 Nbd7 8. Rd1
b6 9. b3 Bb7 10. Nc3 Rc8 11. e4 dxe4 12. Nxe4 c5 13. Nxf6+ Bxf6 14. Ng5 Bxg5 15.
Bxb7 Rc7 16. Be4 f5 17. Bg2 cxd4 18. Bxg5 Qxg5 19. Rxd4 e5 20. Rd5 Re8 21. Re1
Qf6 22. Qd2 Qe7 23. f4 h6 24. fxe5 Nf6 25. Rd6 Rc5 26. Bd5+ 1-0

[Event "24th ch-EUR Indiv w 2024"]
[Site "Rhodes GRE"]
[Date "2024.04.27"]
[Round "8.79"]
[White "Tuktamisova, Diana"]
[Black "Androni, Konstantina"]
[Result "0-1"]
[WhiteElo "1864"]
[BlackElo "1977"]
[WhiteFideId "13909932"]
[BlackFideId "4215362"]
[EventDate "2024.04.19"]

1. e4 d5 2. exd5 Qxd5 3. Nc3 Qd6 4. d4 Nf6 5. h3 a6 6. Nf3 e6 7. Bd3 Be7 8. Be3
O-O 9. Qe2 b5 10. Ne4 Nxe4 11. Bxe4 c6 12. h4 f5 13. Bd3 Nd7 14. Bg5 Nf6 15. Rh3
c5 16. Bxf6 Bxf6 17. Ng5 c4 18. Qf3 cxd3 19. Qxa8 dxc2 20. Rb3 Qxd4 21. Qc6 Qxh4
22. Nh3 Rd8 23. Qxc2 Bb7 24. Kf1 Qd4 25. Re1 Bd5 26. Ra3 b4 27. Rg3 Qxb2 28. Qc7
Rf8 29. Nf4 Qxa2 30. Nh5 Qc4+ 0-1

[Event "24th ch-EUR Indiv w 2024"]
[Site "Rhodes GRE"]
[Date "2024.04.27"]
[Round "8.80"]
[White "Popadyuk, Olga"]
[Black "Federovski, Adi"]
[Result "0-1"]
[WhiteElo "1633"]
[BlackElo "1976"]
[WhiteFideId "14176246"]
[BlackFideId "2813777"]
[EventDate "2024.04.19"]

1. d4 Nf6 2. Nf3 d6 3. Bf4 Nbd7 4. e3 g6 5. Bd3 Bg7 6. c3 O-O 7. Qc2 Qe8 8. Nbd2
e5 9. dxe5 dxe5 10. Bg3 a5 11. Ne4 Nxe4 12. Bxe4 Nc5 13. O-O-O Nxe4 14. Qxe4 Bf5
15. Qxb7 Rb8 16. Qxc7 Qa4 17. Rd2 Rfc8 18. Bxe5 Rxc7 19. Bxc7 Qxa2 20. Kd1 Rc8
21. Bg3 Qb1+ 22. Ke2 Qxh1 23. Ne1 Be6 24. Rd1 Bc4+ 25. Nd3 Qxg2 0-1

[Event "24th ch-EUR Indiv w 2024"]
[Site "Rhodes GRE"]
[Date "2024.04.27"]
[Round "8.81"]
[White "Kaka, Rengina Tsampika"]
[Black "Vasylchuk, Diana"]
[Result "0-1"]
[WhiteElo "1480"]
[BlackElo "1931"]
[WhiteFideId "42153794"]
[BlackFideId "34134611"]
[EventDate "2024.04.19"]

1. d4 Nf6 2. Bf4 g6 3. e3 Bg7 4. Nf3 d6 5. Nbd2 O-O 6. Bd3 Nbd7 7. c3 e5 8. dxe5
dxe5 9. Bxe5 Nxe5 10. Nxe5 Ng4 11. Nxg4 Qxd3 12. h3 f5 13. Nh2 f4 14. Qb3+ Kh8
15. Qc4 Qxc4 16. Nxc4 Be6 17. Nd2 fxe3 18. fxe3 Bh6 19. Ng4 Bxg4 20. hxg4 Bxe3
21. O-O-O Rf2 22. Rh3 Bg5 23. g3 Rd8 24. Rdh1 h6 25. R1h2 Rdxd2 26. Rxf2 Rxf2+
27. Kb1 Kg7 28. a3 Kf6 29. Ka2 Bc1 30. Kb1 Bxb2 31. Rxh6 Bxc3 32. Rh7 Be5 33.
Rd7 Bxg3 34. Rd4 Rf4 35. Rd3 Rxg4 36. Rf3+ Ke5 37. a4 Rb4+ 38. Kc2 Bf4 39. a5 g5
40. Rf2 g4 41. Rg2 g3 42. Kc3 Re4 43. Kb3 Re3+ 44. Kb4 Rf3 45. a6 bxa6 46. Ka5
Rf2 47. Rxg3 Bxg3 48. Kxa6 Kd5 49. Kxa7 Rb2 50. Ka8 c5 51. Ka7 Kc6 52. Ka8 Ra2# 0-1

[Event "24th ch-EUR Indiv w 2024"]
[Site "Rhodes GRE"]
[Date "2024.04.27"]
[Round "8.83"]
[White "Aliu, Arlinda"]
[Black "Recica, Jona"]
[Result "1/2-1/2"]
[WhiteElo "1813"]
[BlackElo "1641"]
[WhiteFideId "22101292"]
[BlackFideId "22105239"]
[EventDate "2024.04.19"]

1. d4 d5 2. Bf4 Nf6 3. Nf3 Bf5 4. e3 e6 5. Nbd2 Nc6 6. Ne5 Nxe5 7. Bxe5 Bd6 8.
Bxd6 Qxd6 9. c3 Ne4 10. Nxe4 Bxe4 11. Bd3 Bxd3 12. Qxd3 Qd8 13. Qd1 1/2-1/2

[Event "24th ch-EUR Indiv w 2024"]
[Site "Rhodes GRE"]
[Date "2024.04.27"]
[Round "8.84"]
[White "Lamprianou, Marianna"]
[Black "Saraci, Ndriqona"]
[Result "0-1"]
[BlackTitle "WCM"]
[WhiteElo "1462"]
[BlackElo "1660"]
[WhiteFideId "42153697"]
[BlackFideId "969095"]
[EventDate "2024.04.19"]

1. e4 c5 2. Nf3 e6 3. Nc3 a6 4. d4 cxd4 5. Qxd4 Nc6 6. Qd1 Qc7 7. Be2 b5 8. a3
Bb7 9. O-O Nf6 10. Be3 Be7 11. b4 O-O 12. Re1 Nxb4 13. axb4 Qxc3 14. Bd2 Qc7 15.
e5 Nd5 16. Rb1 Rac8 17. Bd3 Nc3 18. Bxc3 Qxc3 19. Rb3 Qc7 20. Qd2 d6 21. exd6
Qxd6 22. Ng5 g6 23. Ne4 Bxe4 24. Rxe4 Kg7 25. Rg4 Qe5 26. c3 Rfd8 27. h3 Bf6 28.
f4 Qd5 29. Rb2 Qxd3 30. Qxd3 Rxd3 31. Ra2 h5 32. Rxg6+ Kxg6 33. Rxa6 Rcxc3 34.
Ra2 Bd4+ 35. Kh2 Rd1 36. g3 Rcd3 37. Kg2 Rg1+ 38. Kh2 Rgxg3 39. Kh1 Rxh3+ 0-1

[Event "24th ch-EUR Indiv w 2024"]
[Site "Rhodes GRE"]
[Date "2024.04.27"]
[Round "8.87"]
[White "Bluebaum, Johanna"]
[Black "Sanchez Ruiz, Piedad Esmeralda"]
[Result "1-0"]
[WhiteElo "1977"]
[BlackElo "1806"]
[WhiteFideId "24647373"]
[BlackFideId "2286912"]
[EventDate "2024.04.19"]

1. d4 d5 2. c4 e6 3. Nc3 Nf6 4. cxd5 exd5 5. Bg5 c6 6. e3 Be7 7. Bd3 O-O 8. Nge2
Re8 9. Qc2 Nbd7 10. O-O Nf8 11. Rad1 g6 12. f3 Ne6 13. Bh4 Nh5 14. Bxe7 Rxe7 15.
Qd2 b5 16. Bc2 b4 17. Na4 Ba6 18. Rf2 Bxe2 19. Rxe2 a5 20. Rf2 Rc8 21. Bb3 Nf6
22. Rc1 Ra7 23. Qd1 Nd7 24. e4 Nf6 25. e5 Ne8 26. f4 N8g7 27. g4 Rac7 28. Kh1 h5
29. Nc5 Qh4 30. Qd2 hxg4 31. Rg1 Nf5 32. Rfg2 g3 33. Nxe6 fxe6 34. Rxg3 Nxg3+
35. Rxg3 Rg7 36. Bd1 Rf8 37. Bg4 Kf7 38. Qe2 Rh8 39. Rh3 Qxh3 40. Bxh3 Rxh3 41.
Qa6 Rhh7 42. Qb7+ Kf8 43. Qc8+ Ke7 44. Qc7+ Kf8 45. Qd8+ Kf7 46. Qf6+ Kg8 47.
Qxe6+ Kf8 48. Qd6+ Kg8 49. Qe6+ Kf8 50. Qf5+ Kg8 51. Qc2 Rh4 52. Qf2 Rgh7 53. f5
Kf7 54. Qf4 R7h6 55. e6+ 1-0

[Event "24th ch-EUR Indiv w 2024"]
[Site "Rhodes GRE"]
[Date "2024.04.28"]
[Round "9.1"]
[White "Fataliyeva, Ulviyya"]
[Black "Bulmaga, Irina"]
[Result "1/2-1/2"]
[WhiteTitle "IM"]
[BlackTitle "IM"]
[WhiteElo "2377"]
[BlackElo "2394"]
[WhiteFideId "13403052"]
[BlackFideId "13903063"]
[EventDate "2024.04.19"]

1. e4 e5 2. Nf3 Nc6 3. Bb5 Nf6 4. d3 d6 5. c3 a6 6. Ba4 g6 7. O-O Bg7 8. Re1 O-O
9. Nbd2 h6 10. d4 b5 11. Bc2 Bb7 1/2-1/2